000 00984nmm a2200289 a 4500
001 ocm000645432
003 TR-IsHL
005 20201028132838.0
008 131030s2009 tu tur
007 cr cn
020 _a9789944995009
035 _a645432
_b(N$T)
050 0 4 _aBF637.S8
_bM47 2009
090 0 4 _aBF637.S8
_bM47 2009
245 1 0 _aMeşhurlardan başarının püf noktaları
_h[electronic resource] /
_chaz. Elit Kültür Yayınları
260 _aİstanbul :
_bElit Kültür Yayınları,
_c2009
300 _a199 p.
650 4 _aFelsefe, Psikoloji ve Din
650 4 _aPhilosophy, Psychology and Religion
650 0 _aKişisel gelişim
650 0 _aPersonality development
650 0 _aBaşarının sırrı
650 0 _aSecret of success
650 7 _aSELF-HELP / Personal Growth / Success
_2bisacsh
700 1 _aElit Kültür Yayınları
856 4 0 _uhttp://search.ebscohost.com/login.aspx?direct=true&scope=site&db=e011xww&AN=645432
999 _c5313
_d5313